00256nam a2200097Ia 4500008004100000041000800041100001200049245006600061650001200127999001900139230605s9999 xx 000 0 und d aeng aKhandge aWomens Literature in Indian Languages (1850 to 2000 ) Vol- II aG.SKILL c417723d417723